000 00509cam a2200193ua 4500
020 _a81-204-0250-2
_c36.00
041 _aeng
_h
082 _a691
_bROY/EN
100 _aRoy Choudhury, K P .
245 _aEngineering materials /
_cK P Roy Chowdhury.
_hTextual Documents
250 _a7 /
_b.
260 _aNew Delhi :
_bOxford & IBH Publishing company ,
_c1984.
300 _a365 :
_b506 ; .
365 _a36.00
504 _a
942 _cBK
999 _c10551
_d10551